Berkeley problems in mathematics /
Guardado en:
| Autor Principal: | |
|---|---|
| Otros Autores: | |
| Formato: | Libro |
| Idioma: | English |
| Publicado: |
New York :
Springer,
c1998.
|
| Series: | Problem books in mathematics
|
| Materias: | |
| Etiquetas: |
Agregar Etiqueta
Sin Etiquetas, Sea el primero en etiquetar este registro!
|
| LEADER | 00818nam a22002415a 4500 | ||
|---|---|---|---|
| 001 | MAT.inmabb000096 | ||
| 008 | 970730s1998####nyua#####b####001#0#eng## | ||
| 005 | 20150316155028.0 | ||
| 245 | 1 | 0 | |a Berkeley problems in mathematics / |c Paulo Ney de Souza, Jorge-Nuno Silva. |
| 260 | |a New York : |b Springer, |c c1998. | ||
| 300 | |a xiv, 443 p. ; |c 24 cm. | ||
| 440 | 0 | |a Problem books in mathematics | |
| 504 | |a Includes bibliographical references (p. [433]-439) and index. | ||
| 510 | 4 | |a MR, |c 99g:00012 | |
| 020 | |a 038794933X | ||
| 020 | |a 0387949348 | ||
| 100 | 1 | |a De Souza, Paulo Ney. | |
| 700 | 1 | |a Silva, Jorge-Nuno. | |
| 043 | |a n-us-ca | ||
| 084 | |a 00A07 |2 msc2000 | ||
| 610 | 2 | 0 | |a University of California, Berkeley. |b Dept. of Mathematics |x Examinations. |
| 010 | |a 97034135 | ||
| 859 | |h 00A07 |i D467 |p A-7798 |b BIB. MATEMATICA | ||
